| 000 | 00715nam a2200229 4500 | ||
|---|---|---|---|
| 001 | 121680 | ||
| 003 | ES-MaACL | ||
| 005 | 20230906191811.0 | ||
| 007 | t| | ||
| 008 | 070214s1973 sp r ||||1| spa d | ||
| 100 | 1 |
_aPlatonov, Andrei. _992603 |
|
| 245 | 1 | 0 |
_aFro _b: ; El regreso ; El tercer hijo ; El río Potudan ; Dzhan / _cAndrei Platonov ; prólogo Evgueni Evtuchenko ; traducción de Amaya Lacasa. |
| 260 |
_aMadrid : _bAlianza, _c1973. |
||
| 300 |
_a213 p. ; _c20 cm. |
||
| 700 | 1 |
_aEvtuchenko, Evgueni. _948408 |
|
| 700 | 1 |
_aLacasa, Amaya. _969334 |
|
| 740 | 0 | _aEl regreso. | |
| 740 | 0 | _aEl tercer hijo. | |
| 740 | 0 | _aEl río Potudan. | |
| 740 | 0 | _aDzhan. | |
| 852 |
_aES-MaACL _jC-54923 _bR.87498 |
||
| 999 |
_c121680 _d121680 |
||